Statistiques concernant Barbie Coeur de Princesse - Je suis comme toi

Cliquez ici pour prendre le quiz!

Statistiques générales

  • Ce quiz a été pris 434 fois
  • Le résultat moyen est 165 sur 272

Statistiques - réponses

Réponse% Correct
comme
98%
Je
98%
je
98%
toi !
98%
toi
98%
toi.
98%
suis
97%
es
96%
moi.
96%
Tu
96%
se
95%
on
91%
On
91%
et
90%
Et
90%
ressemble
81%
Un
77%
un
77%
76%
le
73%
Le
73%
à
71%
fille
71%
Une
71%
une
71%
de
69%
ma
67%
oui ?
66%
Oui
66%
ça
65%
ça.
65%
la
64%
me
63%
C'est
60%
des
55%
mon
55%
pas
54%
pour
54%
Pour
54%
bien
53%
est
53%
les
51%
que
51%
car
50%
déjeuner
50%
rêvé.
49%
rêve
49%
elle
48%
fais
48%
m'en
48%
du
47%
Si
47%
vois.
47%
au
46%
Madame
46%
veux
46%
Ah
45%
clochette
45%
délices.
45%
plateau
45%
sur
45%
coeur
44%
dis
44%
doré
44%
faire
44%
j'ai
44%
sonner
44%
Carp,
43%
chante
43%
chaud
43%
matinée.
43%
oeufs
43%
parfois.
43%
service.
43%
en
42%
fera.
42%
lit
42%
n'est
42%
payé.
42%
qui
42%
vais
42%
voit.
42%
vrai
42%
changer
41%
côté.
41%
livres
41%
manger
41%
Aller
40%
grange
40%
jolie
40%
lire
40%
porte
40%
reste
40%
ailleurs
39%
Alors
39%
naturelles.
39%
sciences
39%
bat.
38%
chercher
38%
dois
38%
dont
38%
évidence
38%
grasse
38%
vie
38%
voilà.
38%
voilà
38%
aider.
37%
jour
37%
L'omelette
37%
temps
37%
devient
36%
gelée.
36%
robe
36%
roi.
36%
voudrait
36%
ménestrel.
35%
d'arriver
34%
fait
34%
puis
34%
beau
33%
moi-même,
33%
réflechir
33%
serai
33%
dentelle.
32%
grand
32%
mieux
32%
tissu,
32%
crois.
31%
dessus,
31%
rencontré
31%
dessous
30%
t'ai
29%
doit
28%
doit.
28%
couds
27%
D'abord
26%
modèle.
26%
toujours
26%
choisis
25%
danser.
25%
dira.
25%
J'aime
25%
j'aime
25%
soudain
25%
épingle
24%
sans
24%
elles
23%
n'pensais
23%
voix
23%
divine
21%
c'qu'on
20%
dentelles
20%
j'imagine
20%
j'y
20%
j'm'aperçois
19%
m'ennuyer.
19%
rappellent
19%
quelqu'un
18%
m'fera
15%
qu'sa
9%

Distribution des résultats

Percentile par nombre de réponses

% des personnes avec chaque résultat

Votre développement - résultats

Vous n’avez pas pris ce quiz